[Event "EU Union-ch U12 18th"]
[Site "Mureck"]
[Date "2021.08.08"]
[Round "5"]
[White "Heron, Steve"]
[Black "Haapsal, Maria Ioanna"]
[Result "1/2-1/2"]
[WhiteElo "1573"]
[BlackElo "1282"]
[PlyCount "81"]
[EventDate "2021.08.04"]
[EventType "swiss"]
[EventRounds "9"]
[EventCountry "AUT"]
[SourceTitle "EXT 2022"]
[Source "ChessBase"]
[SourceDate "2021.10.06"]
[SourceVersion "1"]
[SourceVersionDate "2021.10.06"]
[SourceQuality "1"]

1. e4 c5 2. Nf3 e6 3. d4 cxd4 4. Nxd4 Nc6 5. Nb5 Nf6 6. N1c3 d6 7. Bf4 e5 8. Bg5 a6 9. Na3 b5 10. Nd5 Be7 11. Bxf6 Bxf6 12. c3 0-0 13. Nc2 Bg5 14. a4 Rb8 15. axb5 axb5 16. Ncb4 Qd7 17. h4 Bd8 18. Bd3 Nxb4 19. Nxb4 Bb7 20. Qe2 Bc6 21. Ra6 Bb7 22. Ra7 Bb6 23. Bxb5 Qc8 24. Ra1 Qc5 25. Bd3 Ra8 26. 0-0 Rxa1 27. Rxa1 Ra8 28. Rxa8+ Bxa8 29. Bc2 Bb7 30. Bb3 Ba5 31. Qf3 Qc7 32. Nd5 Bxd5 33. Bxd5 Qe7 34. Qg4 Bd8 35. Qf3 Qf6 36. Qxf6 Bxf6 37. h5 Bg5 38. c4 Bc1 39. b4 Ba3 40. b5 Bc5 41. Kf1 1/2-1/2

[Event "EU-ch Amateur Online 1400/1700"]
[Site "Tornelo INT"]
[Date "2021.04.17"]
[Round "5"]
[White "Heron, Steve"]
[Black "Bougas, Georgios"]
[Result "0-1"]
[WhiteElo "1580"]
[BlackElo "1096"]
[PlyCount "70"]
[EventDate "2021.04.17"]
[EventType "swiss (rapid)"]
[EventRounds "8"]
[EventCountry "NET"]
[SourceTitle "EXT 2023"]
[Source "ChessBase"]
[SourceDate "2022.10.05"]
[SourceVersion "1"]
[SourceVersionDate "2022.10.05"]
[SourceQuality "1"]

1. e4 c5 2. Nf3 e6 3. d4 cxd4 4. Nxd4 Nf6 5. Nc3 d6 6. Bd2 Be7 7. Be3 a6 8. f3 Nbd7 9. Qd2 Qc7 10. g4 b5 11. 0-0-0 Nb6 12. h4 b4 13. Nb1 d5 14. exd5 Nfxd5 15. Bg5 Bb7 16. Bxe7 Qxe7 17. Bg2 Rc8 18. Rhe1 0-0 19. h5 Qc5 20. g5 Nc4 21. Qe2 Nf4 22. Qf1 Qxg5 23. Nd2 Nxg2 24. Re2 Nge3 25. Qg1 Qxg1 26. Rxg1 Nxd2 27. Kxd2 Nf5 28. Nxf5 exf5 29. h6 g6 30. Kc1 Bxf3 31. Rf2 Be4 32. Rd2 Rfd8 33. Rxd8+ Rxd8 34. Rd1 Rxd1+ 35. Kxd1 f6 0-1

[Event "Zuerich Christmas op 44th"]
[Site "Tornelo INT"]
[Date "2020.12.29"]
[Round "5"]
[White "Mattenberger, Matthias"]
[Black "Heron, Steve"]
[Result "1-0"]
[WhiteElo "1902"]
[BlackElo "1580"]
[PlyCount "59"]
[EventDate "2020.12.26"]
[EventType "swiss"]
[EventRounds "7"]
[EventCountry "SUI"]
[SourceTitle "CBM 200 Extra"]
[Source "ChessBase"]
[SourceDate "2021.03.31"]
[SourceVersion "1"]
[SourceVersionDate "2021.03.31"]
[SourceQuality "1"]

1. d4 Nf6 2. c4 g6 3. Nc3 Bg7 4. e4 d6 5. Be2 0-0 6. Bg5 Nc6 7. Nf3 h6 8. Be3 Ng4 9. Bd2 f5 10. exf5 Bxf5 11. h3 Nf6 12. d5 Nb8 13. g4 Be4 14. Nxe4 Nxe4 15. Qc2 Nxd2 16. Nxd2 Qe8 17. Bd3 Qf7 18. 0-0-0 g5 19. Bf5 Kh8 20. f4 gxf4 21. Be6 Qe8 22. Nf3 Bf6 23. h4 h5 24. Ng5 Bxg5 25. hxg5 Kg7 26. Rxh5 Rh8 27. Rxh8 Qxh8 28. Qc3+ Kh7 29. Rh1+ Kg6 30. Qxh8 1-0

[Event "Zuerich Christmas op 44th"]
[Site "Tornelo INT"]
[Date "2020.12.28"]
[Round "4"]
[White "Heron, Steve"]
[Black "Scherler, Julius"]
[Result "1-0"]
[WhiteElo "1580"]
[BlackElo "1727"]
[PlyCount "93"]
[EventDate "2020.12.26"]
[EventType "swiss"]
[EventRounds "7"]
[EventCountry "SUI"]
[SourceTitle "CBM 200 Extra"]
[Source "ChessBase"]
[SourceDate "2021.03.31"]
[SourceVersion "1"]
[SourceVersionDate "2021.03.31"]
[SourceQuality "1"]

1. e4 c6 2. Nf3 d5 3. d3 g6 4. Be2 Bg7 5. e5 Bg4 6. d4 e6 7. 0-0 c5 8. c3 Nc6 9. Be3 cxd4 10. cxd4 Nge7 11. h3 Bxf3 12. Bxf3 Nf5 13. Qd2 Rc8 14. Bg4 Qb6 15. Bxf5 gxf5 16. Nc3 a6 17. Rad1 Qa5 18. a3 b5 19. Na2 Qb6 20. Nb4 Na5 21. Nd3 Nc4 22. Qe2 f4 23. Nxf4 Bh6 24. Nh5 Nxe3 25. fxe3 Bg5 26. Qf3 Qb7 27. Ng7+ Kd8 28. Rde1 Rc7 29. Qh5 h6 30. h4 Rg8 31. hxg5 Rxg7 32. gxh6 Rh7 33. Qg5+ f6 34. Qg8+ Kd7 35. Qxh7+ Kc6 36. Rc1+ Kb6 37. Rxc7 Qxc7 38. Qxc7+ Kxc7 39. h7 f5 40. h8Q b4 41. Qg7+ Kb6 42. a4 f4 43. exf4 b3 44. Rc1 Ka5 45. Qc7+ Kxa4 46. Qc5 a5 47. Ra1# 1-0

[Event "Zuerich Christmas op 44th"]
[Site "Tornelo INT"]
[Date "2020.12.26"]
[Round "1"]
[White "Asllani, Dorian"]
[Black "Heron, Steve"]
[Result "1-0"]
[WhiteElo "1990"]
[BlackElo "1580"]
[PlyCount "57"]
[EventDate "2020.12.26"]
[EventType "swiss"]
[EventRounds "7"]
[EventCountry "SUI"]
[SourceTitle "CBM 200 Extra"]
[Source "ChessBase"]
[SourceDate "2021.03.31"]
[SourceVersion "1"]
[SourceVersionDate "2021.03.31"]
[SourceQuality "1"]

1. e4 c5 2. d4 cxd4 3. c3 dxc3 4. Nxc3 e6 5. Nf3 Nc6 6. Bc4 Nge7 7. 0-0 g6 8. Nb5 d5 9. exd5 exd5 10. Bxd5 Nxd5 11. Qxd5 Qxd5 12. Nc7+ Kd7 13. Nxd5 Bd6 14. Ng5 f5 15. Rd1 Ne7 16. Nf7 Rf8 17. Nxd6 Kxd6 18. Bf4+ Kd7 19. Nb6+ Ke6 20. Nxa8 Bd7 21. Nc7+ Kf6 22. Rxd7 Nc6 23. Rd6+ Ke7 24. Re1+ Kf7 25. Rd7+ Kg8 26. Nd5 a6 27. Bh6 Rb8 28. Nf6+ Kh8 29. Rxh7# 1-0

[Event "Davos op 19th"]
[Site "Davos"]
[Date "2020.08.07"]
[Round "1"]
[White "Paleologu, Vladimir"]
[Black "Heron, Steve"]
[Result "1-0"]
[WhiteElo "2105"]
[BlackElo "1628"]
[PlyCount "101"]
[EventDate "2020.08.07"]
[EventType "swiss"]
[EventRounds "5"]
[EventCountry "SUI"]
[SourceTitle "CBM 197 Extra"]
[Source "ChessBase"]
[SourceDate "2020.09.30"]
[SourceVersion "1"]
[SourceVersionDate "2020.09.30"]
[SourceQuality "1"]

1. e4 c5 2. Nc3 d6 3. d4 cxd4 4. Qxd4 Nc6 5. Qd2 Nf6 6. b3 a6 7. Bb2 e6 8. 0-0-0 b5 9. f3 h5 10. Kb1 Be7 11. Nh3 Bb7 12. Be2 h4 13. g4 hxg3 14. hxg3 Rc8 15. Nf4 Kd7 16. Qe3 Rxh1 17. Rxh1 e5 18. Nfd5 Nd4 19. Nxe7 Kxe7 20. Bd3 Qc7 21. Rh2 Qc5 22. Nd1 Ne6 23. Qd2 Nd4 24. Qf2 Ne6 25. Ne3 g6 26. Qd2 Nd4 27. Rf2 Rh8 28. Bc3 Rh1+ 29. Kb2 Nc6 30. Nd5+ Nxd5 31. exd5 Nd4 32. Bb4 Qc8 33. Qg5+ Kd7 34. Qf6 Qf8 35. c3 Nf5 36. Bxf5+ gxf5 37. Qxf5+ Kc7 38. c4 Qg7 39. g4 e4+ 40. Bc3 Qh6 41. g5 e3 42. Qxf7+ Kb8 43. Qe8+ Bc8 44. Qxe3 Qg6 45. Rc2 Bf5 46. Qb6+ Kc8 47. Qxa6+ Kd8 48. Bf6+ Ke8 49. Re2+ Kf8 50. Qa8+ Kf7 51. Re7# 1-0

[Event "EU Union-ch U10 17th"]
[Site "Mureck"]
[Date "2019.08.06"]
[Round "7"]
[White "Heron, Steve"]
[Black "Petkova, Tsvetelina"]
[Result "0-1"]
[WhiteElo "1155"]
[BlackElo "1094"]
[PlyCount "102"]
[EventDate "2019.07.31"]
[EventType "swiss"]
[EventRounds "9"]
[EventCountry "AUT"]
[SourceTitle "EXT 2020"]
[Source "ChessBase"]
[SourceDate "2019.10.17"]
[SourceVersion "1"]
[SourceVersionDate "2019.10.17"]
[SourceQuality "1"]

1. e4 c5 2. Nf3 Nc6 3. Bb5 e6 4. d3 Nge7 5. Nc3 a6 6. Ba4 b5 7. Bb3 g6 8. 0-0 Bg7 9. Be3 d6 10. Qd2 h6 11. h3 Bb7 12. Rfe1 g5 13. Rad1 Qd7 14. a3 b4 15. axb4 Nxb4 16. Na4 Qc7 17. Nh2 Nbc6 18. c3 Na5 19. Ba2 Bc6 20. Qc2 Ng6 21. Ng4 Rb8 22. d4 c4 23. d5 Bb5 24. dxe6 fxe6 25. Rd2 Qc6 26. e5 Nh4 27. f3 Nf5 28. Nf6+ Bxf6 29. exf6 Bxa4 30. Qb1 Rg8 31. Kh2 d5 32. Bd4 Qd6+ 33. Be5 Qb6 34. Bxb8 Qxb8+ 35. Re5 Qxe5+ 36. Kg1 Qxf6 37. Qe1 Nc6 38. Rxd5 Kf7 39. Rd7+ Ke8 40. Rc7 Rg7 41. Rc8+ Kf7 42. Bxc4 Qe7 43. Qf2 Qd7 44. Bxa6 Qd1+ 45. Bf1 Bb5 46. Qb6 Qxf1+ 47. Kh2 Nh4 48. Rc7+ Kg6 49. Rxg7+ Kxg7 50. Qc7+ Kg6 51. Qxc6 Qxg2# 0-1

[Event "EU Union-ch U10 17th"]
[Site "Mureck"]
[Date "2019.08.03"]
[Round "4"]
[White "Heron, Steve"]
[Black "Ernst, Robert"]
[Result "0-1"]
[WhiteElo "1155"]
[BlackElo "1664"]
[PlyCount "74"]
[EventDate "2019.07.31"]
[EventType "swiss"]
[EventRounds "9"]
[EventCountry "AUT"]
[SourceTitle "EXT 2020"]
[Source "ChessBase"]
[SourceDate "2019.10.17"]
[SourceVersion "1"]
[SourceVersionDate "2019.10.17"]
[SourceQuality "1"]

1. e4 e5 2. Nf3 Nc6 3. Nc3 Nf6 4. d4 exd4 5. Nxd4 Bb4 6. Nxc6 bxc6 7. Bd3 d5 8. exd5 cxd5 9. 0-0 0-0 10. Bg5 c6 11. Qf3 Bd6 12. Bxf6 Qxf6 13. Qxf6 gxf6 14. f4 Rb8 15. Na4 Re8 16. b3 c5 17. c4 Re3 18. Rad1 Bg4 19. Rd2 d4 20. h3 Bd7 21. Nb2 Rbe8 22. Rdf2 Bc6 23. Kh2 a5 24. a4 Be4 25. Bxe4 R8xe4 26. Rf3 Rxf3 27. Rxf3 Bxf4+ 28. g3 Re2+ 29. Kg1 Be3+ 30. Kf1 Rxb2 31. Rxf6 d3 32. Ra6 Rb1+ 33. Kg2 d2 34. Ra8+ Kg7 35. Re8 d1Q 36. Rxe3 Qf1+ 37. Kh2 Qh1# 0-1